Loading...
| Beliefs | 2 | 6 | 0 | 2 | 90 | 59 | 103.63 | 4 | 6 |
| Literature - British Literature | 1 | 1 | 0 | 0 | 25 | 79 | 84.00 | 1 | 2 |
| Science - Biology | 0 | 2 | 0 | 1 | 20 | 93 | 117.50 | 0 | 2 |
| Literature - American Literature | 0 | 2 | 0 | 2 | 20 | 86 | 108.00 | 0 | 1 |
| History - American History | 0 | 1 | 0 | 0 | 10 | 97 | 97.00 | 1 | 1 |
| World and Other Literature | 0 | 1 | 0 | 0 | 10 | 134 | 134.00 | 0 | 1 |
| British and Commonwealth History | 0 | 1 | 0 | 0 | 10 | 102 | 102.00 | 1 | 1 |
| Current Events | 0 | 1 | 0 | 0 | 10 | 96 | 96.00 | 0 | 0 |
| Fine Arts - Visual Fine Arts | 0 | 1 | 0 | 0 | 10 | 147 | 147.00 | 0 | 1 |
| Other Arts: Visual | 0 | 1 | 0 | 0 | 10 | 127 | 127.00 | 0 | 1 |
| Other Science: Computer Science | 0 | 1 | 0 | 0 | 10 | 134 | 134.00 | 0 | 1 |
| Ancient History and Archaeology | 0 | 1 | 0 | 0 | 10 | 128 | 128.00 | 1 | 1 |
| Other Science: Math | 0 | 0 | 0 | 0 | 0 | 0.00 | 0 | 0 | |
| Philosophy | 0 | 0 | 1 | 0 | -5 | 0.00 | 0 | 0 | |
| History - World History | 0 | 0 | 1 | 0 | -5 | 0.00 | 0 | 0 | |
| Chemistry> | 0 | 0 | 1 | 0 | -5 | 0.00 | 0 | 0 | |
| Science - Physics | 0 | 0 | 2 | 0 | -10 | 0.00 | 0 | 0 |